00522cam a2200181u 450000100060000000300080000600500170001400800390003103500190007004000330008904100080012208200220013010000220015224500670017426000300024130000290027165100400030026248BD-RjUL20211209051005.0140320s1952 ii a 000 0 eng a(BD-RjUL)26318 aDLCcCarPdDLCdBD-RjULbeng aeng a954.007bCHA 19521 aChaudhury, K. P. 10aAudio-visual aids in teaching Indian history /cK.P. Chaudhury aDelhi :bAtma Ram,c1952. a104 p. :bill. ;c23 cm. 0aIndiaxHistoryxStudy and teaching.